000 01716nam a2200433 i 4500
001 196203
003 ES-MaACL
005 20250510063011.0
008 240818s2022 sp a b 000 0 spa d
010 _a 2023377623
020 _a9788412448481
_q(rústica)
020 _z97884124848498
_q(no válido)
035 _a(OCoLC)1371436872
035 _a23206770
040 _aSP-BaPL
_beng
_erda
_cSP-BaPL
_dDLC
042 _alccopycat
043 _ae------
050 0 0 _aD107
_b.J375 2022
100 _aJavaloys, Joaquín G.
_9238493
_eaut
245 1 3 _aEl gran secreto de las monarquías europeas :
_bsus raíces judías /
_cJoaquín Javaloys.
250 _aPrimera edición, 2022
264 1 _aAlcobendas, Madrid, España :
_bKálathos ediciones,
_c2022.
300 _a299 pág. :
_bilustraciones a color ;
_c21 cm.
336 _atexto
_2rdacontent
336 _aimagen fija
_2rdacontent
337 _asin mediación
_2rdamedia
338 _avolumen
_2rdacarrier
504 _aIncluye referencias bibliográficas (pág. 288-293).
650 7 _aMonarquía-
_zEuropa-
_xHistoria
_9163473
650 7 _aJudíos-
_zEuropa-
_9166849
_vHistoria
650 0 _aFamilias de ascendencia real-
_zEuropa-
_xHistoria
_9238495
651 0 _aEuropa-
_xReyes y gobernantes
_9238496
651 0 _aEuropa-
_xReyes y gobernantes-
_vGenealogia
_9238497
852 _aES-MaACL
_bR.154527
_cDEPOJ
_jN-9278
_g"Presentado Ateneo de Madrid 23/06/2023"
_hDonación: Editorial
_xEncuadernación rústica con solapas
_9205310
942 _cMONOGRAFIA
_n0
999 _c196203
_d196203